000 00677nam a2200229 a 4500
001 20331
003 BD-RjUL
005 20211209000542.0
008 140227s1948 ii b 001 1 eng d
035 _a(BD-RjUL)20393
040 _aTKN
_cTKN
_dm.c
_dBD-RjUL
_beng
041 _aeng
082 0 4 _a823.5
_bSED 1948
100 1 _aSen, C.
_962666
245 1 0 _aDaniel De Foe, his mind and art /
_cSri C. Sen.
260 _aCalcutta :
_bUniversity of Calcutta,
_c1948.
300 _ax, 276 p. ;
_c22 cm.
504 _aBibliography: p. 263-270 and index.
600 1 0 _aDefoe, Daniel,
_d1661?-1731
_xCriticism and interpretation.
_962667
942 _2ddc
_cBK
999 _c20331
_d20331